Understanding and using English grammar (Record no. 617069)

000 -LEADER
fixed length control field 00290nam a22001097a 4500
020 ## - INTERNATIONAL STANDARD BOOK NUMBER
International Standard Book Number 9780132333337
082 ## - DEWEY DECIMAL CLASSIFICATION NUMBER
Classification number 428.24 AZA
245 ## - TITLE STATEMENT
Title Understanding and using English grammar
Remainder of title Azar, Betty Schrampfer
260 ## - PUBLICATION, DISTRIBUTION, ETC.
Place of publication, distribution, etc. New York
Name of publisher, distributor, etc. Pearson Education
Date of publication, distribution, etc. 2009
590 ## - LOCAL NOTE (RLIN)
Local note ....
942 ## - ADDED ENTRY ELEMENTS (KOHA)
Source of classification or shelving scheme
Koha item type Book
Holdings
Withdrawn status Lost status Source of classification or shelving scheme Damaged status Not for loan Permanent Location Current Location Date acquired Total Checkouts Full call number Barcode Date last seen Price effective from Koha item type
          US-Pakistan Center for Advanced Studies in Energy (USPCAS-E) US-Pakistan Center for Advanced Studies in Energy (USPCAS-E) 04/15/2026   428.24 AZA CAS-E0005756 04/15/2026 04/15/2026 Book
          US-Pakistan Center for Advanced Studies in Energy (USPCAS-E) US-Pakistan Center for Advanced Studies in Energy (USPCAS-E) 04/15/2026   428.24 AZA CAS-E0005757 04/15/2026 04/15/2026 Book
© 2023 Central Library, National University of Sciences and Technology. All Rights Reserved.